000 00343nam a22001457a 4500
008 231120b |||||||| |||| 00| 0 eng d
020 _a9788120343153
040 _a13
100 _aAWAD ELIAS .M
245 _aKNOWLEDGE MANAGEMENT
250 _aSECOND
260 _aNEW DELHI ARISTA PUB
_bPHI PUB
_c9/11/2023
300 _a505
942 _c02
999 _c57676
_d57676